MDQL
is popping MORE tags! Check the
thread
!
Quizzes
Events
Quiz Creation
Community
Videos
Private Events
Remove Ads
Sign In
Join for FREE
Feedback
Dark Mode
Quiz Categories
Sports
Geography
Music
Movies
Television
Just For Fun
Miscellaneous
History
Literature
Language
Science
Gaming
Entertainment
Religion
Holiday
For Kids
Quiz Lab
Recent
Popular Today
Quiz Kudos Today
Editor Picks
Curator Picks
Quizzes by...
Day
Popularity
Type
Ratings
Length
Year
Community
Subscriptions
Recent Discussions
Orange Saloon
Badges
Playlists
Quests
Create
Leaderboards
Showdown
Live 5
Trivia Bingo
Activity
Puzzle Library
Sporcle Events
Private Events
Virtual Trivia
Globe League
Become a Host
Pub Owners
SporcleCon
Opinionation
Our Games
Videos
Blog
Mobile Apps
Partnerships
Remove Ads and Go Orange
Feedback
Music
Pop Music
The Beatles
Song
Album
Lyrics
Bands
Singers
Artist
Clip
Rock
Rap
Classical
Billboard
Country Music
Kpop
Taylor Swift
Music
Pop Music
The Beatles
Song
Album
Lyrics
Bands
Singers
Artist
Clip
Rock
Rap
Classical
Billboard
Country Music
Kpop
Taylor Swift
Random Quiz
Search Sporcle
×
Quiz Lab
Quiz Lab
Music
Kpop
Type in answers that appear in a list
Type in answers that appear in a list
Classic
Best Score? Go Orange.
Ultimate Kpop Quiz Stats
Can you name the correct answers?
By
luciferr
10m
44 Questions
3,144 Plays
3,144 Plays
3,144 Plays
Comments
Comments
Give Quiz Kudos
Give Quiz Kudos
-
- Ratings
hide this ad
Replay
Link that replays current quiz
Next Quiz
Link to next quiz in quiz playlist
You Got
0%
They Got
Avg Score
52%
Avg Friend Score
Upgrade to see
Score Distribution
Jump to the score distribution portion of the page
Score
0/44
Timer
10:00
0
Plays Today
Question
Answers
% Correct
Including Kyuhyun, how many members did Super Junior originally have?
13
87.3%
How many sub groups does Super Junior have?
3
79.4%
Which group had a hit with the songs 'Muzik' and 'Hot Issue'?
4Minute
77.7%
Which member of EXO had the most teasers?
Kai
76.6%
What is the name of EXO's official debut single?
MAMA
75.5%
Orange Caramel is a sub group of which group?
After School
75.3%
Who is the leader of TVXQ/
DBSK?
Yunho
75.2%
Who is the lead dancer of Girls' Generation?
Hyoyeon
72.8%
Who is the oldest member of Infinite?
Sunggyu
72.5%
What year did DBSK part ways?
2009
71%
Which FT Island member was in the drama 'You're Beautiful'?
Hongki
68.3%
What year did Brown Eyed Girls debut?
2006
67.1%
What year did Shinhwa debut?
1998
66.7%
Which member of Super Junior was the first to enter the army?
Kangin
66.4%
Who gets shot in MBLAQ's 'It's War' MV?
Lee Joon
65.7%
In DBSK's Mirotic MV, which member was trapped by water?
Max
64.9%
Who is the shortest member of CN Blue?
Yonghwa
64.7%
What label is solo singer BoA signed to?
SM Entertainment
64.1%
What is the fan club name of solo artist Bi Rain?
Clouds
61%
What year was B1A4's leader born in?
1991
60.8%
Who is Teen Top's maknae?
Changjo
57.4%
Which member of SNSD was featured in The TRAX's Oh! My Goddess MV?
Seohyun
57.4%
Question
Answers
% Correct
Which member of B2ST was featured in A-
Pink's 'I Don't Know' MV?
Kikwang
55.8%
Who was the 'player' in Teen Top's 'No More Perfume On You' MV?
Chunji
55.6%
Which member of U-
KISS was formerly known as an Ulzzang?
Kiseop
52.6%
NU'EST and After School belong to which record label?
Pledis Entertainment
52.5%
Which male idol almost debuted as a member of Big Bang?
Hyunseung
52.3%
In Infinite's The Chaser MC, Which member was in the car?
Myungsoo
52.1%
Which girl group has a rotating leader system?
T-ARA
51%
Who is the youngest member of Boyfriend?
Minwoo
49.1%
Which 2NE1 MV was completely animated?
Hate You
49%
With which song did Infinite win their first number 1?
Be Mine
45.4%
Which After School MV had a drummer boy concept?
Bang
37.3%
What was SHINee's debut song?
Noona Neomu Yeppeo
35.8%
Who is FT Islands maknae?
Seunghyun
33.8%
What was the name of Rania's sexy debut single?
Dr. Feel Good
32.3%
Which member of SS501 had a solo release entitled 'Not Alone'?
Park Jungmin
31.8%
Who is the first chinese solo artist in the kpop industry?
Zhang Liyin
15.8%
Which member of F.Cuz departed from the group?
LeeU
14.3%
What group was U-
KISS's AJ formerly a member of?
Paran
12.7%
What label is Block B signed to?
Brand New Stardom
12.1%
Who are DGNA's label mates?
X-5
9.4%
What is the title of MBLAQ's first Japanese single?
Your Luv
6.8%
What was the name of SM Town's 2007 summer song?
Let's go on a trip
3%
Quiz Playlist
Details
Report
Send in Message
Add To Playlist
Classic:
Type in answers that appear in a list
Last Updated: Feb 16, 2017
Quiz Scoreboard
CHALLENGE
Sign Up to Join the Scoreboard
Show All
Scores
Hide
Comments
May contain spoilers
Recently Published
Holiday 10x10 Sorting Gallery
by lukepisani3
Holiday
15m
Two Season TV Shows II
by 123Four
Television
10m
Image Sorting: Flags VI
by Barbecue
Geography
2m
More to Explore
Quiz From the Vault
Featured Blog Post
14 Easter Pick-up Lines to Find Eggs With
hide this ad
You Might Also Like...
Tags
Kpop Quiz
Kpop Quiz
Today's Top Quizzes in Music
Browse Music
hide this ad
Today's Top Quizzes in Kpop
Browse Kpop
Top Contributed Quizzes in Music
1
5X2 Blitz: Bands II
2
Taylor Swift All Songs (2024)
3
5X2 Blitz: The Beatles
4
5X2 Blitz: Billboard
5
Music Artist by Three 2010s hits
6
5X2 Blitz: Billboard II
7
5X2 Blitz: Album
8
5X2 Blitz: Rock
9
5X2 Blitz: Singers
10
5X2 Blitz: Lyrics
Explore More
Trending Topics
Disney
Crossword
Marvel
Harry Potter
Kpop
Anime
NBA
Soccer
Puzzle
Country
Pokémon
Song
The Office
NFL
WWE
hide this ad
More By:
luciferr
Quiz
Plays
Rating
Category
Featured
Created
Korean to English, Can you name the kpop groups?
68,670
4.68
Music
Jul 6, 2012
Ultimate Kpop Quiz
3,144
3.25
Music
May 27, 2012
Go to Creator's Profile
Score Distribution
Quiz Creator Spotlight
luciferr
Follow
Send a Message
Quizzes Created
-
Created Quiz Play Count
-
More By This Creator
Popular Quizzes Today
1
Find the US States - No Outlines Minefield
2
Colored Red Africa Blitz
3
Find the 'City' Movie
4
The Countries of the World
5
5x2 Blitz: Bands
6
Find the Countries of Europe - No Outlines Minefield
7
Find the US States
8
US States
More Music Quizzes
The Very First VIVIZ Quiz Ever
Quiz Lab
Trending Quizzes
Colored Red Europe Blitz I
Colored Red Europe Blitz II
Colored Red Africa Blitz II
Even More Two Season TV Shows
Colored Red Africa Blitz III
Recently Updated
Odd Team Out - Big 4 Players
pecheneg
Quick Pick: 20 Twenties
pecheneg
March Madness Men's Triple Doubles
pecheneg
How Do You Spell That?
pecheneg
Godzilla Movies
pecheneg
Grab Bag: 4-10 Letters
pecheneg
2024 March Madness Bracket
pecheneg
Famous TV Couples
Peacemaker
Champions League XIs: Real Madrid
pecheneg
Largest US Cities 1790-2010
pecheneg
Trending Topics
Harry Potter
Disney
NBA
Marvel
Kpop
Anime
Crossword
NFL
Pokémon
WWE
The Office
Country
Soccer
Song
Puzzle
Your Account Isn't Verified!
In order to create a playlist on Sporcle, you need to verify the email address you used during registration. Go to your
Sporcle Settings
to finish the process.
Report this User
Report this user for behavior that violates our
Community Guidelines
.
Details:
Send Report
Go to the Sporcle.com Mobile Site →
Comments